000 00893nam a2200205 4500
999 _c5093
_d5093
001 6031
005 20200220113024.0
008 200220b ||||| |||| 00| 0 eng d
020 0 0 _a9780099511663
082 _aFIC 813.54 ATW
100 0 0 _aAtwood, Margaret Eleanor
_d1939-
245 0 0 _aThe handmaid's tale /
_cMargaret Atwood.
260 0 0 _aLondon :
_bVintage,
_c1996.
300 0 0 _a320 pages
_c20 cm.
520 _aIn the Republic of Gilead, Offred is a handmaid. As one of the few women left with functioning ovaries, the one role allowed her is to breed. if she deviates, she will be hanged at the Wall or sent out to die of radiation sickness. But Offred has clear memories of the time before when women were free and she is determined to find a way out.
650 _aDystopias.
650 0 0 _aHandmaidens
_xFiction.
650 0 0 _aReproduction
_xFiction.
942 _2ddc
_cFIC